Εμπορικές πρακτικές στο τέλος της τουρκοκρατίας : μυκονιάτες έμποροι και πλοιοκτήτες

Αποθηκεύτηκε σε:
Λεπτομέρειες βιβλιογραφικής εγγραφής
Κύριος συγγραφέας: Κρεμμυδάς, Βασίλης Ν., 1935-2017
Μορφή: Βιβλίο
Γλώσσα:Greek
Δημοσίευση: Αθήνα : Ναυτικό Μουσείο Αιγαίου, 1993
Θέματα:
Ετικέτες: Προσθήκη ετικέτας
Δεν υπάρχουν, Καταχωρήστε ετικέτα πρώτοι!

MARC

LEADER 00000nam a2200000 i 4500
001 1/98952
008 950321s1993 gre d
020 |a 960-85451-0-2 
035 |l 10011121 
040 |a GR-MY-UA  |b gre  |e aacr 
041 0 |a gre 
082 0 |a 380.109495 
100 1 |a Κρεμμυδάς, Βασίλης Ν.,   |d 1935-2017. 
245 1 0 |a Εμπορικές πρακτικές στο τέλος της τουρκοκρατίας :  |b μυκονιάτες έμποροι και πλοιοκτήτες /  |c Βασίλης Κρεμμυδάς 
260 |a Αθήνα :   |b Ναυτικό Μουσείο Αιγαίου,   |c 1993 
300 |a 226 σ. 
504 |a Ευρετήριο: σ.215-226 
650 0 0 |a Merchants  |z Greece  |y 18th century. 
650 0 0 |a Merchants  |z Greece  |y 19th century. 
651 0 |a Greece  |x Commerce  |y 18th century. 
651 0 |a Greece  |x Commerce  |y 19th century. 
852 |a INST  |b LESVOS  |e 19950321  |h 380.109495 ΚΡΕ  |p 005100002181  |q 005100002181  |t BK  |y 0 
909 |a Λ  |b 036583 
922 |a 1ΔΩΡ  |b 199409  |c ΤΚΑ